[Event "First Saturday 2011 februar IM"]
[Site "Budapest"]
[Date "2011.02.05"]
[Round "1"]
[White "Kislik, Erik Andrew"]
[Black "Farago, Sandor"]
[Result "1/2-1/2"]
[WhiteElo "2327"]
[BlackElo "2292"]
[PlyCount "180"]
[EventDate "2011.02.05"]

1. e4 e5 2. Nf3 Nc6 3. Bb5 a6 4. Ba4 Nf6 5. O-O Be7 6. Re1 b5 7. Bb3 O-O 8. c3
d6 9. h3 Nd7 10. d4 Bf6 11. a4 Bb7 12. Na3 Nb6 13. d5 Ne7 14. axb5 axb5 15. Be3
c6 16. dxc6 Bxc6 17. Bxb6 Qxb6 18. Qxd6 Rad8 19. Qb4 Qb7 20. Bc2 Ng6 21. Qc5
Rd7 22. g3 Be7 23. Qe3 f5 24. exf5 Bxf3 25. fxg6 hxg6 26. Qxe5 Rf6 27. b4 Bc6
28. Be4 Bd6 29. Bxc6 Qxc6 30. Qxb5 Qf3 31. Qe2 Qf5 32. Rad1 Qxh3 33. Qf1 Qf5
34. Qg2 Rdf7 35. Re2 Qh5 36. Qa8+ Bf8 37. Rde1 Rf3 38. Nb1 Qh3 39. Qe4 g5 40.
Qd5 g4 41. Nd2 Kh8 42. Re5 g6 43. Qd4 Kg8 44. Qe4 Rh7 45. Qxg6+ Kh8 46. Qxh7+
Kxh7 47. Ne4 Kg8 48. Ng5 Qh6 49. Nxf3 gxf3 50. Rf5 Bg7 51. Rxf3 Qc6 52. Rfe3
Kh7 53. Rd3 Kg6 54. Ree3 Bf6 55. Rd1 Kg5 56. f3 Qc4 57. Kg2 Qa2+ 58. Kh3 Kf5
59. g4+ Kf4 60. Rdd3 Qf2 61. Re4+ Kg5 62. f4+ Kg6 63. Rg3 Bd8 64. Re6+ Kf7 65.
Rd6 Be7 66. Rd5 Qf1+ 67. Kh2 Bh4 68. Rf5+ Kg6 69. Rg2 Bf6 70. b5 Bxc3 71. Rg5+
Kf6 72. Rf5+ Ke6 73. b6 Qf3 74. Rg3 Qf2+ 75. Kh3 Be1 76. Re5+ Kd6 77. Rd3+ Kc6
78. Re6+ Kc5 79. Re5+ Kxb6 80. Rxe1 Qxe1 81. Rf3 Qh1+ 82. Kg3 Kc7 83. f5 Kd7
84. f6 Ke8 85. f7+ Kf8 86. Rf5 Qe1+ 87. Kh3 Qg1 88. Rf3 Qh1+ 89. Kg3 Qg1+ 90.
Kh3 Qh1+ 1/2-1/2

[Event "First Saturday 2011 februar IM"]
[Site "Budapest"]
[Date "2011.02.05"]
[Round "1"]
[White "Brustkern, Juergen"]
[Black "Tesik, Csaba"]
[Result "0-1"]
[WhiteElo "2283"]
[BlackElo "2275"]
[PlyCount "80"]
[EventDate "2011.02.05"]

1. d4 Nf6 2. c4 g6 3. Nc3 Bg7 4. e4 d6 5. Be2 O-O 6. Be3 e5 7. d5 Ne8 8. Qd2 f5
9. Bg5 Bf6 10. Nf3 Na6 11. Bh6 Bg7 12. Bxg7 Kxg7 13. O-O-O Nf6 14. exf5 Bxf5
15. h3 Nc5 16. Qe3 b5 17. cxb5 a6 18. b4 axb5 19. bxc5 b4 20. Nb1 Rxa2 21. Rd2
Ra1 22. Kb2 Qa8 23. Bc4 Ne4 24. g4 Nxd2 25. Nfxd2 Bxb1 26. Rxb1 Ra3 27. Bb3 Rf4
28. cxd6 cxd6 29. Rc1 Ra7 30. Ne4 Raf7 31. Ng5 Rxf2+ 32. Kb1 Ra7 33. Rc7+ Rxc7
34. Qxf2 Rc3 35. Qf7+ Kh6 36. Qxh7+ Kxg5 37. h4+ Kf4 38. Qh6+ Kg3 39. Bc2 b3
40. Be4 Qa2# 0-1

[Event "First Saturday 2011 februar IM"]
[Site "Budapest"]
[Date "2011.02.05"]
[Round "1"]
[White "Tran, Tuan Minh"]
[Black "To, Nhat Minh"]
[Result "1/2-1/2"]
[WhiteElo "2284"]
[BlackElo "2375"]
[PlyCount "62"]
[EventDate "2011.02.05"]

1. d4 d5 2. Bf4 Nf6 3. e3 c5 4. c3 Qb6 5. Qb3 c4 6. Qc2 g6 7. Nd2 Bf5 8. Qc1
Nc6 9. Ngf3 Nh5 10. Be5 f6 11. Bg3 Nxg3 12. hxg3 e5 13. Nh4 Ne7 14. Nxf5 Nxf5
15. Be2 e4 16. b3 cxb3 17. axb3 Bd6 18. g4 Ne7 19. c4 Bb4 20. O-O f5 21. cxd5
O-O 22. Nc4 Qf6 23. gxf5 gxf5 24. f3 b5 25. fxe4 bxc4 26. Qxc4 Qg5 27. d6+ Kh8
28. dxe7 Qxe3+ 29. Kh1 Qh6+ 30. Kg1 Qe3+ 31. Kh1 Qh6+ 1/2-1/2

[Event "First Saturday 2011 februar IM"]
[Site "Budapest"]
[Date "2011.02.05"]
[Round "1"]
[White "Nagy, Ervin dr"]
[Black "Szablowski, Pawel"]
[Result "1/2-1/2"]
[WhiteElo "2269"]
[BlackElo "2340"]
[PlyCount "85"]
[EventDate "2011.02.05"]

1. Nf3 e6 2. c4 f5 3. g3 b6 4. Bg2 Bb7 5. O-O Nf6 6. b3 Be7 7. Bb2 O-O 8. d3
Qe8 9. Nbd2 Nc6 10. e4 fxe4 11. dxe4 Rd8 12. e5 Ng4 13. h3 Nh6 14. Qe2 Nf5 15.
g4 Nh6 16. Ne4 Nf7 17. Rad1 Nh8 18. Ng3 Ng6 19. Nh5 Nf4 20. Nxf4 Rxf4 21. Ne1
Na5 22. Nd3 Bxg2 23. Kxg2 Rf8 24. Qe4 Nc6 25. Rd2 Nb4 26. Nxb4 Bxb4 27. Re2 Qg6
28. Qxg6 hxg6 29. Rd1 a5 30. Bc1 Rf7 31. Rd3 Kf8 32. Re4 Bc5 33. f3 a4 34. Rf4
Rxf4 35. Bxf4 axb3 36. axb3 Ke8 37. Kg3 Be7 38. Bd2 Ra8 39. f4 Ra1 40. Kf3 Bc5
41. Be3 Bb4 42. Bf2 Ra2 43. Bd4 1/2-1/2

[Event "First Saturday 2011 februar IM"]
[Site "Budapest"]
[Date "2011.02.06"]
[Round "2"]
[White "Korpa, Bence"]
[Black "Lyell, Mark"]
[Result "1-0"]
[WhiteElo "2165"]
[BlackElo "2197"]
[PlyCount "143"]
[EventDate "2011.02.05"]

1. e4 c5 2. Nf3 d6 3. d4 cxd4 4. Nxd4 Nf6 5. Nc3 g6 6. Be3 Bg7 7. f3 O-O 8. Qd2
Nc6 9. Bc4 Bd7 10. O-O-O Rb8 11. Kb1 Ne5 12. Bb3 b5 13. Ka1 a5 14. a3 a4 15.
Ba2 b4 16. axb4 Rxb4 17. Nb1 Rb7 18. Na3 Qc7 19. c3 Rfb8 20. Rb1 e6 21. g4 d5
22. g5 Nxf3 23. Nxf3 Nxe4 24. Qd3 Nxc3 25. Rhc1 Rxb2 26. Rxb2 Rxb2 27. Kxb2
Ne2+ 28. Kb1 Qb7+ 29. Bb3 Nxc1 30. Bxc1 axb3 31. Bb2 Bxb2 32. Kxb2 Qa7 33. Ne5
Ba4 34. Ng4 Qg1 35. Nh6+ Kg7 36. Qd2 e5 37. h3 d4 38. Ng4 Qg3 39. Nc4 Bd7 40.
Ncxe5 Bxg4 41. Nxg4 Qxh3 42. Qxd4+ Kf8 43. Qd6+ Kg7 44. Qe5+ Kf8 45. Nf6 Qg2+
46. Kxb3 Qb7+ 47. Kc4 Qc6+ 48. Kd4 Qb6+ 49. Kd3 Qb3+ 50. Kd2 Qb4+ 51. Ke2 Qc4+
52. Kf2 Qc2+ 53. Kg3 Qd3+ 54. Kh4 Qc4+ 55. Ne4 Kg8 56. Qf4 Kg7 57. Qe5+ Kf8 58.
Qd6+ Kg7 59. Qe7 h6 60. Qe5+ Kh7 61. Qf4 Kh8 62. gxh6 Qe6 63. Qf6+ Qxf6+ 64.
Nxf6 g5+ 65. Kh5 g4 66. Nxg4 f5 67. Ne5 Kh7 68. Kg5 f4 69. Nf3 Kh8 70. Kg6 Kg8
71. h7+ Kh8 72. Ne5 1-0

[Event "First Saturday 2011 februar IM"]
[Site "Budapest"]
[Date "2011.02.06"]
[Round "2"]
[White "Szablowski, Pawel"]
[Black "Lengyel, Bela"]
[Result "1/2-1/2"]
[WhiteElo "2340"]
[BlackElo "2275"]
[PlyCount "96"]
[EventDate "2011.02.05"]

1. e4 e5 2. Nf3 Nc6 3. Bb5 a6 4. Ba4 Nf6 5. O-O Be7 6. Re1 b5 7. Bb3 d6 8. c3
O-O 9. h3 Na5 10. Bc2 c5 11. d4 Qc7 12. Nbd2 Nc6 13. d5 Na5 14. b3 Bd7 15. Nf1
Nb7 16. c4 Rfb8 17. Ne3 g6 18. Bd2 Nh5 19. Ng4 f6 20. Nh4 Nf4 21. Bxf4 exf4 22.
Qf3 Rf8 23. g3 fxg3 24. fxg3 bxc4 25. bxc4 Na5 26. Bd3 Rab8 27. Re2 Rb4 28. Rc1
Qb8 29. Ng2 Rb2 30. h4 Qb4 31. h5 Qa3 32. Rxb2 Qxb2 33. Rd1 Ba4 34. Rf1 Qd4+
35. Kh1 Bd7 36. Nf4 Nxc4 37. Bxc4 Qxc4 38. Ne3 Qxa2 39. hxg6 hxg6 40. Nxg6 Rf7
41. Nf5 Rh7+ 42. Ngh4 Bd8 43. Qg4+ Kf8 44. Qg6 Qe2 45. Qxh7 Qxf1+ 46. Kh2 Qf2+
47. Ng2 Bxf5 48. exf5 Ke8 1/2-1/2

[Event "First Saturday 2011 februar IM"]
[Site "Budapest"]
[Date "2011.02.06"]
[Round "2"]
[White "To, Nhat Minh"]
[Black "Nagy, Ervin dr"]
[Result "0-1"]
[WhiteElo "2375"]
[BlackElo "2269"]
[PlyCount "58"]
[EventDate "2011.02.05"]

1. e4 d6 2. d4 Nf6 3. Nc3 g6 4. Be3 e5 5. f3 exd4 6. Qxd4 Bg7 7. O-O-O O-O 8.
Qd2 Be6 9. Nge2 Nc6 10. h4 Ne5 11. b3 Qe7 12. Bg5 d5 13. Bxf6 Bxf6 14. f4 Nc4
15. bxc4 Qa3+ 16. Kb1 Qb4+ 17. Ka1 dxe4 18. Nd4 e3 19. Qxe3 c5 20. Ne4 Bg7 21.
c3 cxd4 22. cxb4 dxe3+ 23. Kb1 Bf5 24. Bd3 Rad8 25. Bc2 Rxd1+ 26. Rxd1 Re8 27.
Nd6 e2 28. Re1 Bc3 29. Nxe8 Bxe1 0-1

[Event "First Saturday 2011 februar IM"]
[Site "Budapest"]
[Date "2011.02.06"]
[Round "2"]
[White "Tesik, Csaba"]
[Black "Tran, Tuan Minh"]
[Result "1-0"]
[WhiteElo "2275"]
[BlackElo "2284"]
[PlyCount "35"]
[EventDate "2011.02.05"]

1. e4 e6 2. d4 d5 3. Nd2 h6 4. Ngf3 Nf6 5. e5 Nfd7 6. c4 dxc4 7. Bxc4 Nb6 8.
Bb3 c5 9. dxc5 Bxc5 10. O-O O-O 11. Qe2 Bd7 12. Ne4 Na6 13. Bxh6 gxh6 14. Nf6+
Kg7 15. Nh5+ Kg8 16. Qd2 f5 17. Qxh6 Qe7 18. Ng5 1-0

[Event "First Saturday 2011 februar IM"]
[Site "Budapest"]
[Date "2011.02.06"]
[Round "2"]
[White "Kislik, Erik Andrew"]
[Black "Brustkern, Juergen"]
[Result "0-1"]
[WhiteElo "2327"]
[BlackElo "2283"]
[PlyCount "80"]
[EventDate "2011.02.05"]

1. e4 e5 2. Nf3 Nc6 3. Bb5 a6 4. Ba4 Nf6 5. O-O b5 6. Bb3 Be7 7. Re1 d6 8. c3
O-O 9. h3 Na5 10. Bc2 c5 11. d4 Nd7 12. d5 Nb6 13. Nbd2 g6 14. Nf1 f5 15. exf5
gxf5 16. Ng3 e4 17. Nh2 Bg5 18. Qh5 Bxc1 19. Raxc1 Ra7 20. b3 Rg7 21. Rcd1 Qf6
22. c4 bxc4 23. Kh1 Qg6 24. Qxg6 hxg6 25. Ne2 Re7 26. Nf4 Kf7 27. h4 Rh8 28. g3
Nd7 29. Kg2 Ne5 30. Re2 Rhe8 31. Nf1 Nf3 32. Nd2 Nd4 33. Nxc4 Nxc4 34. bxc4
Nxe2 35. Nxe2 Rb7 36. Bb3 Rb4 37. Nc3 Bd7 38. Rh1 a5 39. Nb5 Bxb5 40. cxb5 Rb8
0-1

[Event "First Saturday 2011 februar IM"]
[Site "Budapest"]
[Date "2011.02.07"]
[Round "3"]
[White "Brustkern, Juergen"]
[Black "Farago, Sandor"]
[Result "1/2-1/2"]
[WhiteElo "2283"]
[BlackElo "2292"]
[PlyCount "39"]
[EventDate "2011.02.05"]

1. Nf3 Nc6 2. e4 e5 3. Bb5 a6 4. Ba4 Nf6 5. O-O Be7 6. Re1 b5 7. Bb3 d6 8. c3
O-O 9. h3 Na5 10. Bc2 d5 11. exd5 e4 12. Nd4 Qxd5 13. f3 Bxh3 14. gxh3 Qg5+ 15.
Kh1 Qg3 16. Bxe4 Qxh3+ 17. Kg1 Qg3+ 18. Kf1 Qh3+ 19. Kg1 Qg3+ 20. Kh1 1/2-1/2

[Event "First Saturday 2011 februar IM"]
[Site "Budapest"]
[Date "2011.02.07"]
[Round "3"]
[White "Tran, Tuan Minh"]
[Black "Kislik, Erik Andrew"]
[Result "1-0"]
[WhiteElo "2284"]
[BlackElo "2327"]
[PlyCount "137"]
[EventDate "2011.02.05"]

1. d4 Nf6 2. Bf4 g6 3. e3 Bg7 4. Be2 d6 5. h3 c5 6. c3 O-O 7. Nd2 Nc6 8. Ngf3
cxd4 9. cxd4 Bf5 10. O-O Rc8 11. a3 Ne4 12. Bh2 Nxd2 13. Nxd2 e5 14. d5 Ne7 15.
e4 Bd7 16. Qb3 f5 17. Nc4 fxe4 18. Nxd6 Ba4 19. Qxa4 Qxd6 20. Rad1 Qb6 21. Qxe4
Qxb2 22. Rb1 Qxa3 23. Bxe5 Bxe5 24. Qxe5 Nf5 25. Qe6+ Kh8 26. Rxb7 Rce8 27. Qa6
Qxa6 28. Bxa6 Re5 29. Rc1 Nd6 30. Rd7 Ne4 31. f4 Ref5 32. Bd3 Rxf4 33. Bxe4
Rxe4 34. Rcc7 Rh4 35. Rxa7 g5 36. d6 g4 37. hxg4 Rxg4 38. Rxh7+ Kg8 39. Rhe7
Rd8 40. Rad7 Ra8 41. Kh2 Rg6 42. Re3 Rh6+ 43. Rh3 Rxh3+ 44. Kxh3 Ra3+ 45. Kh4
Kf8 46. g4 Rd3 47. Kh5 Ke8 48. Re7+ Kf8 49. Re6 Kf7 50. Rh6 Kg7 51. g5 Rd4 52.
Rf6 Re4 53. Rh6 Rd4 54. Re6 Kf7 55. Re7+ Kf8 56. Rd7 Ke8 57. Ra7 Rxd6 58. g6
Rd1 59. g7 Rg1 60. Kh6 Rg2 61. Kh7 Rh2+ 62. Kg8 Rh1 63. Ra4 Rh2 64. Re4+ Kd7
65. Kf7 Rf2+ 66. Kg6 Rg2+ 67. Kf6 Rg1 68. Re5 Rf1+ 69. Kg6 1-0

[Event "First Saturday 2011 februar IM"]
[Site "Budapest"]
[Date "2011.02.07"]
[Round "3"]
[White "Nagy, Ervin dr"]
[Black "Tesik, Csaba"]
[Result "0-1"]
[WhiteElo "2269"]
[BlackElo "2275"]
[PlyCount "90"]
[EventDate "2011.02.05"]

1. Nf3 Nf6 2. c4 c5 3. g3 d5 4. cxd5 Nxd5 5. Bg2 Nc6 6. Nc3 Nc7 7. b3 e5 8. Bb2
Be7 9. O-O O-O 10. Rc1 Ne6 11. Na4 f6 12. Ne1 Bd7 13. f4 exf4 14. gxf4 Rc8 15.
e3 b6 16. Nc3 Re8 17. Nd5 Nc7 18. Qh5 Bf8 19. Rf2 Kh8 20. Bf3 Nxd5 21. Bxd5 g6
22. Qh4 Bg7 23. Bf7 f5 24. Bxg7+ Kxg7 25. Qxd8 Rexd8 26. Bc4 Be8 27. Nf3 Bf7
28. Bxf7 Kxf7 29. d4 Nb4 30. Ne5+ Ke6 31. dxc5 Rxc5 32. Rxc5 bxc5 33. a3 Nd5
34. Nf3 Nc3 35. Rc2 Rd3 36. Ng5+ Kd5 37. Kf2 h6 38. Nf7 Ne4+ 39. Kf3 Rxb3 40.
Nxh6 c4 41. Nf7 c3 42. Ke2 Rxa3 43. Ne5 Kc5 44. Nd3+ Kc4 45. Nc1 Ra1 0-1

[Event "First Saturday 2011 februar IM"]
[Site "Budapest"]
[Date "2011.02.07"]
[Round "3"]
[White "Lengyel, Bela"]
[Black "To, Nhat Minh"]
[Result "1/2-1/2"]
[WhiteElo "2275"]
[BlackElo "2375"]
[PlyCount "34"]
[EventDate "2011.02.05"]

1. e4 Nf6 2. e5 Nd5 3. d4 d6 4. c4 Nb6 5. exd6 cxd6 6. Nc3 g6 7. Bd3 Bg7 8.
Nge2 Nc6 9. Be3 O-O 10. O-O e5 11. d5 Ne7 12. b3 Bf5 13. Rc1 Bxd3 14. Qxd3 Nf5
15. Bd2 Nd7 16. Ne4 b6 17. b4 Rc8 1/2-1/2

[Event "First Saturday 2011 februar IM"]
[Site "Budapest"]
[Date "2011.02.07"]
[Round "3"]
[White "Lyell, Mark"]
[Black "Szablowski, Pawel"]
[Result "0-1"]
[WhiteElo "2197"]
[BlackElo "2340"]
[PlyCount "64"]
[EventDate "2011.02.05"]

1. e4 e6 2. d4 d5 3. Nc3 Nf6 4. Bg5 Bb4 5. e5 h6 6. Be3 Ne4 7. Qg4 g6 8. a3
Bxc3+ 9. bxc3 c5 10. Bb5+ Bd7 11. Bxd7+ Nxd7 12. Ne2 Qa5 13. f3 Nxc3 14. Bd2
cxd4 15. Qxd4 Nxe2 16. Kxe2 Qc7 17. f4 Nc5 18. Rhc1 Rc8 19. Rab1 b6 20. c4 dxc4
21. Rxc4 O-O 22. Qe3 Rfd8 23. Rbc1 Qd7 24. Bb4 Qd5 25. Kf1 Qd3+ 26. Qxd3 Rxd3
27. a4 Rd5 28. Ke2 g5 29. g3 Kg7 30. Bxc5 bxc5 31. Rb1 Rcd8 32. Rb7 Rd2+ 0-1

[Event "First Saturday 2011 februar IM"]
[Site "Budapest"]
[Date "2011.02.07"]
[Round "3"]
[White "Bhakti, Kulkarni"]
[Black "Korpa, Bence"]
[Result "1/2-1/2"]
[WhiteElo "2275"]
[BlackElo "2165"]
[PlyCount "71"]
[EventDate "2011.02.05"]

1. d4 d5 2. c4 c6 3. e3 Nf6 4. Nf3 g6 5. Nc3 Bg7 6. Bd2 O-O 7. Rc1 Bg4 8. Qb3
Qb6 9. Qxb6 axb6 10. cxd5 Bxf3 11. gxf3 Nxd5 12. Nxd5 cxd5 13. a3 Nc6 14. Bb5
Rac8 15. f4 Na5 16. Ke2 Rfd8 17. Bxa5 bxa5 18. Kd2 e6 19. Rc3 Bf8 20. Rhc1 Rxc3
21. Rxc3 Bd6 22. Kc2 f6 23. h3 Kf7 24. Kb3 Ke7 25. Ka4 Ra8 26. Be2 Kd7 27. Rc1
Rc8 28. Rxc8 Kxc8 29. Kxa5 Kc7 30. Bb5 f5 31. Be8 Be7 32. Bf7 Bh4 33. f3 Kd7
34. Kb4 Be1+ 35. Kb3 Bd2 36. e4 1/2-1/2

[Event "First Saturday 2011 februar IM"]
[Site "Budapest"]
[Date "2011.02.08"]
[Round "4"]
[White "Farago, Sandor"]
[Black "Korpa, Bence"]
[Result "1-0"]
[WhiteElo "2292"]
[BlackElo "2165"]
[PlyCount "35"]
[EventDate "2011.02.05"]

1. e4 c6 2. d4 d5 3. e5 Bf5 4. Nd2 e6 5. Nb3 Nd7 6. f4 f6 7. Nf3 c5 8. c3 cxd4
9. Nbxd4 g6 10. Nxf5 gxf5 11. Nd4 Qe7 12. Nb5 O-O-O 13. Be3 a5 14. Nd6+ Kb8 15.
Qd4 b6 16. Bb5 fxe5 17. fxe5 Ngf6 18. Bg5 1-0

[Event "First Saturday 2011 februar IM"]
[Site "Budapest"]
[Date "2011.02.08"]
[Round "4"]
[White "Szablowski, Pawel"]
[Black "Bhakti, Kulkarni"]
[Result "1-0"]
[WhiteElo "2340"]
[BlackElo "2275"]
[PlyCount "87"]
[EventDate "2011.02.05"]

1. d4 Nf6 2. Nf3 d6 3. Nc3 g6 4. e4 Bg7 5. h3 O-O 6. Be3 c5 7. dxc5 Qa5 8. Nd2
dxc5 9. Nb3 Qc7 10. Nxc5 b6 11. Nb3 Bb7 12. Bd3 Rd8 13. Qe2 Nh5 14. Nb5 Qc8 15.
O-O-O Nc6 16. g4 Nf6 17. f3 Nb4 18. Kb1 Nxd3 19. cxd3 Ba6 20. Nc3 Qd7 21. Nc1
Rac8 22. Qd2 e5 23. h4 b5 24. N3e2 Rc7 25. d4 exd4 26. Qxd4 Qxd4 27. Rxd4 Rxd4
28. Nxd4 b4 29. Rd1 Rd7 30. Rd2 Bb7 31. Ncb3 Bf8 32. Nc2 a6 33. Kc1 Bc6 34. Bd4
Be7 35. g5 Nh5 36. Bc5 Rxd2 37. Kxd2 Bxc5 38. Nxc5 a5 39. Nb3 a4 40. Nbd4 Bd7
41. Ke3 Kf8 42. Nxb4 Ke7 43. Ne2 Kd6 44. Nd5 1-0

[Event "First Saturday 2011 februar IM"]
[Site "Budapest"]
[Date "2011.02.08"]
[Round "4"]
[White "Tesik, Csaba"]
[Black "Lengyel, Bela"]
[Result "0-1"]
[WhiteElo "2275"]
[BlackElo "2275"]
[PlyCount "104"]
[EventDate "2011.02.05"]

1. e4 e5 2. Nc3 Nf6 3. g3 Bc5 4. Bg2 Nc6 5. Nge2 Nd4 6. d3 c6 7. O-O d6 8. h3
a5 9. Kh2 Qe7 10. Nxd4 Bxd4 11. Ne2 Bb6 12. f4 h6 13. Nc3 a4 14. a3 Bc5 15. Qe2
Bd7 16. Bd2 Bd4 17. Nd1 O-O 18. c3 Bc5 19. g4 Rfe8 20. Qf3 Nh7 21. Qg3 Bb6 22.
Ne3 exf4 23. Qxf4 Bc7 24. Kh1 Be6 25. Nf5 Qd7 26. Qf2 f6 27. Rae1 d5 28. Nd4
Bf7 29. Re2 dxe4 30. Bxe4 Ng5 31. Bxg5 hxg5 32. Nf5 Bd5 33. Qf3 Bxe4 34. dxe4
Rad8 35. h4 Bf4 36. hxg5 fxg5 37. Qh3 Qd3 38. Qxd3 Rxd3 39. Rfe1 g6 40. Nd4 Kf7
41. Kg2 Rg3+ 42. Kf2 Rh8 43. Rg1 Rhh3 44. Rxg3 Rxg3 45. Re1 Rxg4 46. Nf3 Rg3
47. Rh1 g4 48. Ne1 Rh3 49. Rxh3 gxh3 50. Nd3 g5 51. Kf3 b6 52. Nb4 g4+ 0-1

[Event "First Saturday 2011 februar IM"]
[Site "Budapest"]
[Date "2011.02.08"]
[Round "4"]
[White "Kislik, Erik Andrew"]
[Black "Nagy, Ervin dr"]
[Result "1-0"]
[WhiteElo "2327"]
[BlackElo "2269"]
[PlyCount "75"]
[EventDate "2011.02.05"]

1. e4 d6 2. d4 Nf6 3. Nc3 g6 4. Be3 e5 5. dxe5 Ng4 6. Bf4 Nxe5 7. Qd2 Be6 8.
O-O-O Nbd7 9. h4 h5 10. Nh3 f6 11. b3 c6 12. Ne2 a5 13. Nd4 Bf7 14. a4 Be7 15.
f3 Nb6 16. Qe1 Qc7 17. Bd2 Nbd7 18. f4 Ng4 19. f5 Nde5 20. Nf4 Qb6 21. Bc3 g5
22. hxg5 fxg5 23. Ng6 Bxg6 24. fxg6 Nxg6 25. Nf5 N6e5 26. Nxd6+ Bxd6 27. Rxd6
Ke7 28. Rd1 Rh6 29. Bxe5 Nxe5 30. Qg3 Ng4 31. Rxh5 Rxh5 32. Qxg4 Qe3+ 33. Kb1
Rh6 34. Qd7+ Kf8 35. Bc4 Qf4 36. Rf1 Qxf1+ 37. Bxf1 Rh1 38. Qf5+ 1-0

[Event "First Saturday 2011 februar IM"]
[Site "Budapest"]
[Date "2011.02.08"]
[Round "4"]
[White "Brustkern, Juergen"]
[Black "Tran, Tuan Minh"]
[Result "1-0"]
[WhiteElo "2283"]
[BlackElo "2284"]
[PlyCount "97"]
[EventDate "2011.02.05"]

1. d4 e6 2. c4 f5 3. Nc3 Nf6 4. Qc2 Bb4 5. e3 b6 6. Bd3 Bb7 7. f3 O-O 8. Nge2
c5 9. a3 cxd4 10. axb4 dxc3 11. Qxc3 Qe7 12. O-O Rc8 13. b5 d6 14. b3 Nbd7 15.
Nd4 Nc5 16. Bc2 g6 17. Bb2 e5 18. Rfe1 Rc7 19. Rad1 Rd8 20. b4 Ncd7 21. Bxf5
Rdc8 22. Qd2 gxf5 23. Nxf5 Qe6 24. e4 Kh8 25. Qh6 Rg8 26. Rxd6 Qf7 27. Red1 Bc8
28. Rc6 Rxc6 29. bxc6 Nf8 30. Nd6 Qg6 31. Qxg6 Nxg6 32. Nf7+ Kg7 33. Nxe5 Nxe5
34. Bxe5 Kf7 35. b5 Be6 36. c7 Rc8 37. Ra1 Ra8 38. Bxf6 Kxf6 39. c5 a5 40. cxb6
Bc8 41. Rd1 a4 42. Rd8 a3 43. Rxc8 Rxc8 44. b7 a2 45. bxc8=Q a1=Q+ 46. Kf2 Qd4+
47. Kg3 Qe5+ 48. f4 Qc3+ 49. Kg4 1-0

[Event "First Saturday 2011 februar IM"]
[Site "Budapest"]
[Date "2011.02.09"]
[Round "5"]
[White "Tran, Tuan Minh"]
[Black "Farago, Sandor"]
[Result "0-1"]
[WhiteElo "2284"]
[BlackElo "2292"]
[PlyCount "136"]
[EventDate "2011.02.05"]

1. d4 Nf6 2. Bf4 g6 3. e3 Bg7 4. Nf3 O-O 5. Be2 c5 6. c3 b6 7. Nbd2 Bb7 8. O-O
d6 9. h3 Nbd7 10. a4 a6 11. Bh2 Qc7 12. Qb3 Bc6 13. c4 a5 14. Rad1 Nb8 15. Rfe1
Na6 16. d5 Be8 17. e4 Nd7 18. Nb1 Nb4 19. Nc3 Rd8 20. Bf1 Ne5 21. Nxe5 dxe5 22.
Nb5 Qb8 23. Rd2 Bd7 24. Qc3 f6 25. Qe3 Kh8 26. Red1 f5 27. exf5 gxf5 28. Qg5
Bf6 29. Qh5 Rg8 30. Re2 Rdf8 31. d6 exd6 32. Rxd6 Be8 33. Qxf5 Bg7 34. Qe6 Bxb5
35. Rxb6 Bxc4 36. Rxb8 Bxe6 37. Rb7 Nd3 38. Re3 Nf4 39. Bg3 Bd5 40. Rb5 Rb8 41.
Rxc5 Rgc8 42. Rec3 Rxc5 43. Rxc5 Bg8 44. Kh2 Rxb2 45. Rxa5 Rb1 46. Bb5 Ng6 47.
Ra8 Bf6 48. Bc4 Ne7 49. Re8 Kg7 50. Bxg8 Nxg8 51. a5 Rb5 52. a6 Ra5 53. Re6 Kf7
54. Rb6 Ne7 55. f3 Ra2 56. h4 h5 57. Kh3 Nf5 58. Bh2 Nd4 59. Rb7+ Kg6 60. a7
Ra1 61. Rb6 Kf7 62. Rb7+ Ke6 63. Bg1 Ne2 64. Rb6+ Kf7 65. Rb7+ Kg6 66. Bh2 Nf4+
67. Kg3 Ra2 68. Rb2 Rxb2 0-1

[Event "First Saturday 2011 februar IM"]
[Site "Budapest"]
[Date "2011.02.09"]
[Round "5"]
[White "Nagy, Ervin dr"]
[Black "Brustkern, Juergen"]
[Result "1-0"]
[WhiteElo "2269"]
[BlackElo "2283"]
[PlyCount "81"]
[EventDate "2011.02.05"]

1. Nf3 Nc6 2. c4 e5 3. Nc3 f5 4. d4 e4 5. Ng5 h6 6. Nh3 g5 7. e3 Nf6 8. Be2 Bg7
9. Bh5+ Nxh5 10. Qxh5+ Kf8 11. f3 exf3 12. Qxf3 d6 13. O-O Kg8 14. Kh1 Bd7 15.
Ng1 Kh7 16. Nge2 Qe8 17. Nd5 Rc8 18. Ng3 Rf8 19. Qd1 Ne7 20. Nxe7 Qxe7 21. Qc2
Qf7 22. Bd2 Qg6 23. Rae1 Rce8 24. Bc3 Rf7 25. Re2 h5 26. Rfe1 h4 27. Nf1 Rfe7
28. d5 Bh6 29. h3 c5 30. dxc6 Bxc6 31. Nh2 Re4 32. Rf2 f4 33. Ng4 Bg7 34. Bxg7
Qxg7 35. exf4 Kh8 36. Rxe4 Rxe4 37. fxg5 d5 38. Qd2 dxc4 39. Nf6 Qe7 40. Nxe4
Qxe4 41. Qd8+ 1-0

[Event "First Saturday 2011 februar IM"]
[Site "Budapest"]
[Date "2011.02.09"]
[Round "5"]
[White "Lengyel, Bela"]
[Black "Kislik, Erik Andrew"]
[Result "1-0"]
[WhiteElo "2275"]
[BlackElo "2327"]
[PlyCount "57"]
[EventDate "2011.02.05"]

1. e4 c5 2. Nf3 d6 3. d4 cxd4 4. Nxd4 Nf6 5. Nc3 a6 6. Be2 e6 7. O-O Be7 8. f4
O-O 9. Be3 Qc7 10. a4 Nc6 11. Kh1 Re8 12. Qd2 Rb8 13. Rad1 b6 14. Qe1 Bb7 15.
Qg3 Bf8 16. Bf3 Nd7 17. f5 Nce5 18. fxe6 fxe6 19. Qh3 Nc5 20. b4 Ncd7 21. Nce2
Qc4 22. Ng3 Bc8 23. Be2 Qxb4 24. Nh5 Qc3 25. Nxe6 Nc5 26. Qg3 Rxe6 27. Rxf8+
Kxf8 28. Qxg7+ Ke8 29. Rf1 1-0

[Event "First Saturday 2011 februar IM"]
[Site "Budapest"]
[Date "2011.02.09"]
[Round "5"]
[White "Lyell, Mark"]
[Black "Tesik, Csaba"]
[Result "0-1"]
[WhiteElo "2197"]
[BlackElo "2275"]
[PlyCount "82"]
[EventDate "2011.02.05"]

1. e4 c5 2. Nc3 e6 3. f4 d5 4. Nf3 dxe4 5. Nxe4 Nc6 6. g3 Nf6 7. Nxf6+ Qxf6 8.
Bg2 g6 9. O-O Bg7 10. d3 O-O 11. c3 Bd7 12. Be3 Qe7 13. Qe2 Rad8 14. Rad1 Bc8
15. Ng5 Na5 16. d4 cxd4 17. Bxd4 Bxd4+ 18. cxd4 Qb4 19. Qf2 Nc4 20. b3 Nb6 21.
Rfe1 Nd5 22. Bxd5 Rxd5 23. Ne4 Kg7 24. Rd3 Rfd8 25. Red1 b6 26. Qb2 Ba6 27.
R3d2 Bb7 28. h4 f6 29. a3 Qe7 30. Re1 Qd7 31. Rc1 Qe7 32. Kh2 R5d7 33. Nf2 Qd6
34. Ng4 Qd5 35. Qc3 Rc8 36. Qb2 Rxc1 37. Qxc1 Qf3 38. Kh3 h5 39. Nh2 Qxb3 40.
Rc2 Qd5 41. Qe3 Qf5+ 0-1

[Event "First Saturday 2011 februar IM"]
[Site "Budapest"]
[Date "2011.02.09"]
[Round "5"]
[White "Bhakti, Kulkarni"]
[Black "To, Nhat Minh"]
[Result "1-0"]
[WhiteElo "2275"]
[BlackElo "2375"]
[PlyCount "39"]
[EventDate "2011.02.05"]

1. d4 d5 2. c4 c6 3. e3 Nf6 4. Nf3 Bg4 5. Nc3 e6 6. Qb3 Qb6 7. Nh4 Be7 8. h3
Bh5 9. g4 Ne4 10. Nxe4 dxe4 11. Ng2 Bg6 12. Qc2 f5 13. c5 Qc7 14. Nf4 Bf7 15.
Bc4 O-O 16. Nxe6 Bxe6 17. Bxe6+ Kh8 18. gxf5 b6 19. cxb6 axb6 20. O-O 1-0

[Event "First Saturday 2011 februar IM"]
[Site "Budapest"]
[Date "2011.02.10"]
[Round "6"]
[White "Farago, Sandor"]
[Black "Szablowski, Pawel"]
[Result "0-1"]
[WhiteElo "2292"]
[BlackElo "2340"]
[PlyCount "72"]
[EventDate "2011.02.05"]

1. e4 e6 2. d4 d5 3. Nc3 Nf6 4. e5 Nfd7 5. Nce2 c5 6. c3 Nc6 7. f4 Be7 8. Nf3
O-O 9. g3 cxd4 10. cxd4 a5 11. Bh3 Nb6 12. O-O Bd7 13. g4 f6 14. Ng3 fxe5 15.
fxe5 a4 16. Ne2 Nc4 17. Kg2 Qb6 18. Rb1 Nb4 19. Nc3 a3 20. b3 Nb2 21. Bxb2 axb2
22. Rxb2 Rac8 23. Qd2 Qa6 24. Rd1 Be8 25. Kg3 Bg6 26. Bf1 Qc6 27. Na4 Be4 28.
Bg2 Nd3 29. Rbb1 Nf4 30. Rbc1 Qxc1 31. Rxc1 Rxc1 32. Nc5 Bxc5 33. Ne1 Rc3+ 34.
Kh4 Nxg2+ 35. Nxg2 Be7+ 36. g5 Rc2 0-1

[Event "First Saturday 2011 februar IM"]
[Site "Budapest"]
[Date "2011.02.10"]
[Round "6"]
[White "Tesik, Csaba"]
[Black "Bhakti, Kulkarni"]
[Result "0-1"]
[WhiteElo "2275"]
[BlackElo "2275"]
[PlyCount "42"]
[EventDate "2011.02.05"]

1. e4 c6 2. d4 d5 3. e5 Bf5 4. h4 Qb6 5. g4 Bd7 6. Nc3 e6 7. Nge2 c5 8. Be3 Nc6
9. dxc5 Bxc5 10. Bxc5 Qxc5 11. f4 f6 12. Qd2 fxe5 13. O-O-O O-O-O 14. fxe5 Nh6
15. Bh3 Nf7 16. g5 Nfxe5 17. Nf4 Nc4 18. Qe2 Nxb2 19. Kxb2 Qb4+ 20. Kc1 Qxf4+
21. Qd2 Rhf8 0-1